All Capital Cities of the World, but Invisible? - Statistics

General Stats
  • This quiz has been taken 15 times
  • The average score is 156 of 200
Answers on the Map
Answers color-coded by a green-red scale on the quiz's map according to % correct below.
 
Answer Stats
Capital % Correct
Algiers
100%
Beijing
100%
Berlin
100%
Brasilia
100%
Bucharest
100%
Copenhagen
100%
Jerusalem
100%
Kiev
100%
London
100%
Mexico City
100%
Monaco
100%
Moscow
100%
Oslo
100%
Paris
100%
Tirana
100%
Tokyo
100%
Tunis
100%
Vienna
100%
Washington D.C.
100%
Amsterdam
93%
Andorra la Vella
93%
Ankara
93%
Athens
93%
Baghdad
93%
Bangkok
93%
Bogota
93%
Brussels
93%
Cairo
93%
Canberra
93%
Caracas
93%
Doha
93%
Dublin
93%
Jakarta
93%
Kabul
93%
Kuwait City
93%
Lima
93%
Lisbon
93%
Luxembourg
93%
Madrid
93%
New Delhi
93%
Ottawa
93%
Panama City
93%
Pristina
93%
Rabat
93%
Riyadh
93%
San Marino
93%
Santiago
93%
Sarajevo
93%
Seoul
93%
Sofia
93%
Stockholm
93%
Taipei
93%
Tallinn
93%
Tehran
93%
Vatican City
93%
Abu Dhabi
86%
Asuncion
86%
Belgrade
86%
Bratislava
86%
Budapest
86%
Buenos Aires
86%
Cape Town
86%
Dakar
86%
Damascus
86%
Dhaka
86%
Hanoi
86%
Havana
86%
Helsinki
86%
Islamabad
86%
Kathmandu
86%
Khartoum
86%
Kingston
86%
Kingstown
86%
Kinshasa
86%
La Paz
86%
Manila
86%
Minsk
86%
Montevideo
86%
Muscat
86%
Podgorica
86%
Port-au-Prince
86%
Quito
86%
Reykjavik
86%
Sana'a
86%
San Salvador
86%
Santo Domingo
86%
Singapore
86%
Tashkent
86%
Tbilisi
86%
Tripoli
86%
Vaduz
86%
Valletta
86%
Warsaw
86%
Wellington
86%
Yerevan
86%
Zagreb
86%
Amman
79%
Astana
79%
Baku
79%
Bern
79%
Bishkek
79%
Brazzaville
79%
Chisinau
79%
Ljubljana
79%
Male
79%
Mogadishu
79%
Nairobi
79%
Nassau
79%
Nicosia
79%
Port Louis
79%
Prague
79%
Pyongyang
79%
Riga
79%
Rome
79%
Saint John's
79%
San Jose
79%
Skopje
79%
Vilnius
79%
Abuja
71%
Addis Ababa
71%
Bamako
71%
Colombo
71%
Georgetown
71%
Guatemala City
71%
Kuala Lumpur
71%
Lome
71%
Luanda
71%
Lusaka
71%
Managua
71%
Manama
71%
Maputo
71%
Monrovia
71%
Port Moresby
71%
Porto Novo
71%
Pretoria
71%
Tegucigalpa
71%
Ulaanbaatar
71%
Accra
64%
Antananarivo
64%
Apia
64%
Ashgabat
64%
Bangui
64%
Basseterre
64%
Beirut
64%
Belmopan
64%
Bissau
64%
Bridgetown
64%
Castries
64%
Djibouti
64%
Dodoma
64%
Dushanbe
64%
Funafuti
64%
Gaborone
64%
Gitega
64%
Harare
64%
Kampala
64%
Libreville
64%
Majuro
64%
Malabo
64%
Maseru
64%
Mbabane
64%
Moroni
64%
N'Djamena
64%
Ngerulmud
64%
Nouakchott
64%
Nuku'alofa
64%
Palikir
64%
Paramaribo
64%
Phnom Penh
64%
Port of Spain
64%
Roseau
64%
Tarawa
64%
Victoria
64%
Vientiane
64%
Windhoek
64%
Yamoussoukro
64%
Asmara
57%
Bandar Seri Begawan
57%
Banjul
57%
Conakry
57%
Dili
57%
Freetown
57%
Honiara
57%
Juba
57%
Lilongwe
57%
Niamey
57%
Ouagadougou
57%
Praia
57%
Saint George's
57%
Sao Tome
57%
Sucre
57%
Suva
57%
Thimphu
57%
Yaounde
57%
Yaren
57%
Bloemfontein
50%
Kigali
50%
Port Vila
50%
Cotonou
36%
Nay Pyi Taw
21%
No matching quizzes found
Score Distribution
Percent of People with Each Score
Percentile by Number Answered
Your Score History
You have not taken this quiz